LEADER 02939nam 2200637Ia 450 001 9910778361403321 005 20230124182700.0 010 $a1-281-73389-X 010 $a9786611733896 010 $a1-931448-07-8 035 $a(CKB)1000000000480435 035 $a(EBL)316101 035 $a(OCoLC)476106450 035 $a(SSID)ssj0000244338 035 $a(PQKBManifestationID)11218529 035 $a(PQKBTitleCode)TC0000244338 035 $a(PQKBWorkID)10165094 035 $a(PQKB)10751478 035 $a(MiAaPQ)EBC316101 035 $a(Au-PeEL)EBL316101 035 $a(CaPaEBR)ebr10195627 035 $a(CaONFJC)MIL173389 035 $a(OCoLC)567843541 035 $a(EXLCZ)991000000000480435 100 $a20080213d2007 uy 0 101 0 $aeng 135 $aur|n|---||||| 181 $ctxt 182 $cc 183 $acr 200 10$aSerial port complete$b[electronic resource] $eCOM ports, USB virtual COM ports, and ports for embedded systems, second edition /$fJan Axelson 205 $a2nd ed. 210 $aMadison, Wis. $cLakeview Research$dc2007 215 $a1 online resource (400 p.) 225 1 $aComplete Guides series 300 $aDescription based upon print version of record. 311 $a1-931448-06-X 320 $aIncludes bibliographic references and index. 327 $aContents; Introduction; Acknowledgments; 1 Options and Choices; 2 Formats and Protocols; 3 COM Ports on PCs; 4 Inside RS-232; 5 Designing RS-232 Links; 6 Inside RS-485; 7 Designing RS-485 Links and Networks; 8 Going Wireless; 9 Using .NET's SerialPort Class; 10 Managing Ports and Transfers in .NET; 11 Ports for Embedded Systems; 12 Network Programming; 13 An RS-485 Network; 14 Inside USB; 15 Using Special-function USB Controllers; 16 Using Generic USB Controllers; Index 330 $aPC COM ports, USB virtual COM ports, and ports in embedded systems are all addressed in this updated guide to programming, interfacing, and using serial ports. Topics include using .NET's SerialPort class for COM-port communications on PCs; upgrading existing RS-232 designs to USB or wireless networks; and creating serial networks of embedded systems and PCs. Example circuits and code provide a quick start to projects. Installation and maintenance staff will also find tips for ensuring reliable operation and problem tracking. 410 0$aComplete Guides series 606 $aComputer interfaces 606 $aPorts (Electronic computer system) 606 $aParallel programming (Computer science) 615 0$aComputer interfaces. 615 0$aPorts (Electronic computer system) 615 0$aParallel programming (Computer science) 676 $a005.2/75 700 $aAxelson$b Jan$01467847 801 0$bMiAaPQ 801 1$bMiAaPQ 801 2$bMiAaPQ 906 $aBOOK 912 $a9910778361403321 996 $aSerial port complete$93678704 997 $aUNINA LEADER 00922nam0 22002291i 450 001 UON00096075 005 20231205102533.927 100 $a20020107d1986 |0itac50 ba 101 $aita 102 $aIT 105 $a|||| ||||| 200 1 $aArchitettura etrusca nel Viterbese. Ricerche Svedesi a San Giovenale e Acquarossa 1956-1986. Viterbo, Museo Archeologico Nazionale, Rocca Albornoz dal 19 settembre 1986 210 $aRoma$cDe Luca$d1986 215 $a154 p.$cill.$d cm 620 $aIT$dRoma$3UONL000004 712 $aDe Luca$3UONV282163$4650 801 $aIT$bSOL$c20240220$gRICA 899 $aSIBA - SISTEMA BIBLIOTECARIO DI ATENEO$2UONSI 912 $aUON00096075 950 $aSIBA - SISTEMA BIBLIOTECARIO DI ATENEO$dSI N 2 VIT 001 $eSI MC 12008 5 996 $aArchitettura etrusca nel viterbese$91014558 997 $aUNIOR LEADER 04941nam 22007335 450 001 9910484838703321 005 20250609110651.0 010 $a3-319-16369-8 024 7 $a10.1007/978-3-319-16369-7 035 $a(CKB)3710000000404036 035 $a(EBL)2094518 035 $a(SSID)ssj0001501711 035 $a(PQKBManifestationID)11830317 035 $a(PQKBTitleCode)TC0001501711 035 $a(PQKBWorkID)11457054 035 $a(PQKB)11613586 035 $a(DE-He213)978-3-319-16369-7 035 $a(MiAaPQ)EBC2094518 035 $a(PPN)185485839 035 $a(MiAaPQ)EBC3109999 035 $a(EXLCZ)993710000000404036 100 $a20150430d2015 u| 0 101 0 $aeng 135 $aur|n|---||||| 181 $ctxt 182 $cc 183 $acr 200 10$aScience Between Truth and Ethical Responsibility $eEvandro Agazzi in the Contemporary Scientific and Philosophical Debate /$fedited by Mario Alai, Marco Buzzoni, Gino Tarozzi 205 $a1st ed. 2015. 210 1$aCham :$cSpringer International Publishing :$cImprint: Springer,$d2015. 215 $a1 online resource (334 p.) 300 $aDescription based upon print version of record. 311 08$a3-319-16368-X 320 $aIncludes bibliographical references and index. 327 $aAn overview of Agazzi?s work -- Scientific objectivity -- Philosophy of physics -- Philosophical anthropology -- Science and operationality -- Science and historicity -- The issue of scientific realism -- Artificial intelligence -- Metaphysics and ontology -- Education The contribution to Latin American philosophy -- Epistemology and history of science -- History of Science and technology -- Epistemology of psychology -- Science and hermeneutics -- A perspectivist conception of scientific theories -- Ethics of science and technology -- Bioethics Philosophy of the social sciences -- Science and religion -- The Issue of alethic logic Realism and scientific progress System?s theory and complexity -- Philosophy of language -- Philosophy of mathematics and logic -- Logic and philosophy of logic Replies and reflections. 330 $a This book offers the most complete and up-to-date overview of the philosophical work of Evandro Agazzi, presently the most important Italian philosopher of science, and one of the most influential in the world. Scholars from seven countries explore  his contributions in areas ranging from philosophy of physics and general philosophy of science to bioethics, philosophy of mathematics and logic, epistemology of the social sciences and history of science, philosophy of language and artificial intelligence, education and anthropology, metaphysics, and philosophy of religion. Agazzi developed a complete and coherent  philosophical system, anticipating some of the turns in the philosophy of science after the crisis of logical empiricism and exerting an equal influence on continental hermeneutic philosophy. His work is characterized by an original synthesis of contemporary analytic philosophy, phenomenology, and classical philosophy, including the scholastic tradition, and these threads are reflected in the different backgrounds of the contributors to this book. While upholding the epistemological value of science against scepticism and relativism, Agazzi eschews scientism by stressing the equal importance of non-scientific forms of thought, such as metaphysics and religion. While defending the freedom of research as a cognitive enterprise, he argues that as a human and social practice it must nonetheless respect ethical constraints. 606 $aPhilosophy and science 606 $aEthics 606 $aKnowledge, Theory of 606 $aPhysics 606 $aPhilosophy of Science$3https://scigraph.springernature.com/ontologies/product-market-codes/E34000 606 $aEthics$3https://scigraph.springernature.com/ontologies/product-market-codes/E14000 606 $aEpistemology$3https://scigraph.springernature.com/ontologies/product-market-codes/E13000 606 $aHistory and Philosophical Foundations of Physics$3https://scigraph.springernature.com/ontologies/product-market-codes/P29000 615 0$aPhilosophy and science. 615 0$aEthics. 615 0$aKnowledge, Theory of. 615 0$aPhysics. 615 14$aPhilosophy of Science. 615 24$aEthics. 615 24$aEpistemology. 615 24$aHistory and Philosophical Foundations of Physics. 676 $a10 676 $a120 676 $a170 676 $a501 676 $a530.01 702 $aAlai$b Mario$4edt$4http://id.loc.gov/vocabulary/relators/edt 702 $aBuzzoni$b Marco$4edt$4http://id.loc.gov/vocabulary/relators/edt 702 $aTarozzi$b Gino$4edt$4http://id.loc.gov/vocabulary/relators/edt 906 $aBOOK 912 $a9910484838703321 996 $aScience Between Truth and Ethical Responsibility$92847912 997 $aUNINA